[Event "Caorle op-B"]
[Site "Caorle"]
[Date "1991.07.11"]
[Round "6.46"]
[White "Busato, Antonio"]
[Black "Ferracin, Nicola"]
[Result "0-1"]
[WhiteElo "1755"]
[BlackElo "1860"]
[PlyCount "104"]
[EventDate "1991.07.05"]
[EventType "swiss"]
[EventRounds "8"]
[EventCountry "ITA"]
[SourceTitle "EXT 2023"]
[Source "ChessBase"]
[SourceDate "2022.10.05"]
[SourceVersion "1"]
[SourceVersionDate "2022.10.05"]
[SourceQuality "1"]

1. e4 e6 2. d4 d5 3. Nc3 Bb4 4. Nge2 dxe4 5. a3 Be7 6. Nxe4 Nf6 7. N2c3 0-0 8. Be3 Nbd7 9. Bd3 b6 10. Qf3 Rb8 11. 0-0-0 Bb7 12. Nxf6+ Nxf6 13. Qh3 g6 14. f3 Nd5 15. Nxd5 Bxd5 16. c4 Ba8 17. Kb1 Bf6 18. Be2 Qe7 19. Qg3 c5 20. h4 e5 21. d5 a6 22. Bg5 b5 23. cxb5 axb5 24. Bxf6 Qxf6 25. Qg5 Qg7 26. h5 h6 27. Qe3 g5 28. Qxc5 Rfc8 29. Qb4 Qf8 30. d6 Bc6 31. Rd3 f5 32. Qb3+ Qf7 33. Qxf7+ Kxf7 34. Rhd1 Rd8 35. Rc3 Rb6 36. Rb3 Ke6 37. Bc4+ Kf6 38. Rb4 Rb7 39. Be2 Ke6 40. Rb3 Rxd6 41. Rxd6+ Kxd6 42. Kc1 e4 43. fxe4 fxe4 44. Re3 Ke5 45. g3 Kd4 46. Rc3 Bd5 47. Kd2 b4 48. axb4 Rxb4 49. Kc1 Rb3 50. Rc8 Rxg3 51. Rh8 Bb3 52. Rb8 Rg1+ 0-1

[Event "Caorle op-B"]
[Site "Caorle"]
[Date "1991.07.08"]
[Round "3.46"]
[White "Militello, Vincenzo"]
[Black "Busato, Antonio"]
[Result "1-0"]
[WhiteElo "1800"]
[BlackElo "1755"]
[PlyCount "79"]
[EventDate "1991.07.05"]
[EventType "swiss"]
[EventRounds "8"]
[EventCountry "ITA"]
[SourceTitle "EXT 2023"]
[Source "ChessBase"]
[SourceDate "2022.10.05"]
[SourceVersion "1"]
[SourceVersionDate "2022.10.05"]
[SourceQuality "1"]

1. c4 Nf6 2. Nc3 e6 3. e4 Bb4 4. e5 Ng8 5. Qg4 g6 6. d4 h5 7. Qg3 c6 8. Nge2 Nh6 9. Bxh6 Rxh6 10. Qe3 Rh7 11. a3 Be7 12. g3 f6 13. f4 d6 14. Rd1 Qb6 15. Na4 Qa5+ 16. Nec3 dxe5 17. dxe5 fxe5 18. Bd3 Rg7 19. b4 Qc7 20. fxe5 Nd7 21. 0-0 Qxe5 22. Qh6 Rg8 23. Bxg6+ Kd8 24. Qxh5 Qe3+ 25. Kg2 b5 26. Rfe1 Qg5 27. Qxg5 Bxg5 28. cxb5 cxb5 29. Be4 Rb8 30. Nc5 Ke7 31. Nxe6 Bf6 32. Nd4 Kf8 33. Ncxb5 Ne5 34. Nxa7 Bg4 35. Nf3 Rh8 36. Nxe5 Bxe5 37. Nc6 Re8 38. Nxe5 Rxe5 39. Bf3 Bh3+ 40. Kf2 1-0

[Event "Secondario 15th"]
[Site "Caorle"]
[Date "1990.07.11"]
[Round "5.44"]
[White "Sottani, Paolo"]
[Black "Busato, Antonio"]
[Result "1-0"]
[WhiteElo "1800"]
[BlackElo "1800"]
[PlyCount "65"]
[EventDate "1990.07.07"]
[EventType "swiss"]
[EventRounds "8"]
[EventCountry "ITA"]
[SourceTitle "EXT 2023"]
[Source "ChessBase"]
[SourceDate "2022.10.05"]
[SourceVersion "1"]
[SourceVersionDate "2022.10.05"]
[SourceQuality "1"]

1. e4 d6 2. d4 Nf6 3. Bd3 g6 4. Nf3 Bg7 5. 0-0 0-0 6. c3 Nbd7 7. Re1 c5 8. Bg5 h6 9. Bh4 g5 10. Bg3 Qb6 11. Nbd2 cxd4 12. Nc4 Qc7 13. cxd4 Nh5 14. Rc1 Qd8 15. Ne3 Nxg3 16. hxg3 Nf6 17. Bb1 Ng4 18. Nd5 e6 19. Nc7 Rb8 20. e5 dxe5 21. Qc2 f5 22. dxe5 Bd7 23. Qb3 Qe7 24. Nd4 Rfc8 25. Bxf5 Nxe5 26. Ndxe6 Kh8 27. Nxg7 Bxf5 28. Nxf5 Qd7 29. Rxe5 Rxc7 30. Rxc7 Qxc7 31. Re7 Qc1+ 32. Kh2 Rf8 33. Qe6 1-0

[Event "Secondario 15th"]
[Site "Caorle"]
[Date "1990.07.09"]
[Round "3.51"]
[White "Busato, Antonio"]
[Black "Fantini, Marco"]
[Result "0-1"]
[WhiteElo "1800"]
[BlackElo "1800"]
[PlyCount "90"]
[EventDate "1990.07.07"]
[EventType "swiss"]
[EventRounds "8"]
[EventCountry "ITA"]
[SourceTitle "EXT 2023"]
[Source "ChessBase"]
[SourceDate "2022.10.05"]
[SourceVersion "1"]
[SourceVersionDate "2022.10.05"]
[SourceQuality "1"]

1. e4 e6 2. d4 d5 3. Nc3 Bb4 4. Nge2 dxe4 5. a3 Be7 6. Nxe4 Nf6 7. N2g3 Nbd7 8. Bd3 b6 9. 0-0 Bb7 10. Re1 0-0 11. c3 c5 12. Nxf6+ Nxf6 13. dxc5 Qd5 14. f3 Bxc5+ 15. Be3 Bxe3+ 16. Rxe3 Qc5 17. Nf1 Nd5 18. b4 Nxe3 19. Qc1 Qg5 20. Qxe3 Qxe3+ 21. Nxe3 Rfd8 22. Bf1 h5 23. h3 Rac8 24. c4 Rd2 25. Kh1 f5 26. f4 Be4 27. c5 bxc5 28. Nc4 Rd4 29. b5 Bd3 30. Bxd3 Rxd3 31. Ne5 Rb3 32. a4 c4 33. Nc6 Rxc6 34. bxc6 Rb6 35. c7 Rc6 36. Rc1 Rxc7 37. Rc3 Kf7 38. Kg1 Kf6 39. Kf2 e5 40. fxe5+ Kxe5 41. Ke3 f4+ 42. Kd2 g5 43. g3 fxg3 44. Rxg3 Kf4 45. Re3 c3+ 0-1